Quiz sur le Pays Basque #1 - Statistiques

Statistiques générales
  • Ce quiz a été pris 125 fois
  • Le résultat moyen est 14 sur 26
Statistiques - réponses
Hint Réponse % Correct
Ville jumelle aussi célèbre pour ses fêtes Bayonne
92%
Ville la plus peuplée Bilbao
88%
Village célèbre pour sa production de piment Espelette
88%
Ville célèbre pour les fêtes de San Fermin Pampelune
88%
Nom du Pays Basque en Basque Euskal Herria
73%
Lesquelles 4 Navarra
71%
Célèbre musée située dans cette dernière Guggenheim
63%
Ville commençant par U la plus peuplée de France Urrugne
59%
Lesquelles 5 Soule
57%
Champion du monde 1998 ayant évolué au Bayern Munich Bixente Lizarazu
56%
Montagne emblématique à la frontière franco-espagnole, culminant à 905m d'altitude La Rhune
56%
Club où a été formé Antoine Griezmann Real Sociedad
56%
Lesquelles 6 Labourd
53%
Ce qu'est l'Ikurrina Drapeau
52%
Bienvenue en basque Ongi Etorri
52%
Capitale "officielle" du Pays Basque Vitoria Gasteiz
52%
Lesquelles 7 Basse Navarre
51%
Quelles sont les sept provinces qui forment le Pays Basque Alava
47%
Lesquelles 2 Bizkaia
46%
Lesquelles 3 Gipuzkoa
42%
Vague pouvant atteindre 20m Belharra
40%
Capitale de l'espadrille Mauléon-Licharre
39%
Ville à la jonction des chemins de Saint-Jacques de Compostelle Garazi
27%
Rivière qui fait la frontière entre Hendaye et Irun Bidasoa
24%
Forteresse célèbre pour son apparition dans Game of Thrones Gaztelugatxe
17%
Joueur de rugby surnommé "Le Basque Bondissant" Imanol Harinordoquy
16%
Aucun quiz correspondant
Distribution des résultats
% des personnes avec chaque résultat
Percentile par nombre de réponses
Votre historique - résultats
Vous n’avez pas pris ce quiz